Welche Haltestelle in Hamburg? #1 - Statistiken

Allgemein
  • Dieses Quiz wurde 178 mal gespielt
  • Das Durchschnittsergebnis liegt bei 9 aus 15
Antwortstatistiken
Hinweis Buchstabe Haltestelle % Korrekt
"please exit here for town hall and alster boat trips" J Jungfernstieg
98%
Fernbahnhof im Süden Hamburgs H Harburg
81%
östlicher Endpunkt der U2 M Mümmelmannsberg
78%
Hochbahnhaltestelle am Hafen, nahe der Elbphilharmonie B Baumwall
75%
bekannte Haltestelle nahe des Hauptbahnhofs M Mönckebergstraße
74%
wichtiger Umsteigebahnhof zwischen U1 und U3, benannt nach einer Stadt in Schleswig-Holstein K Kellinghusenstraße
71%
hier wenden S1-Züge nach Wedel, einige enden hier aber auch B Blankenese
66%
2022 neu eröffnete S1-Haltestelle westlich der Innenstadt O Ottensen
65%
U1-Haltestelle in Norderstedt, unter einem Einkaufszentrum G Garstedt
59%
eine Station weiter, (noch) Endpunkt der S5 E Elbgaustraße
54%
zweigleisiger U-Bahnhof in einer schleswig-holsteinischen Mittelstadt A Ahrensburg West
51%
S2-Haltestelle im Südosten Hamburgs N Nettelnburg
47%
S3-Haltestelle beinahe auf der Grenze zwischen Hamburg und Schleswig-Holstein K Krupunder
42%
Halt der Regionalbahnlinie RB 81 T Tonndorf
42%
letzte Haltestelle der A1 in Schleswig-Holstein B Bönningstedt
21%
Keine übereinstimmenden Quizze gefunden
Verteilung der Resultate
Anzahl Personen mit jedem Resultat
Perzentil nach korrekt beantworteten Fragen
Ihre Resultats-Entwicklung
Sie haben dieses Quiz noch nicht gespielt